Plants that start with A - Statistics

General Stats
  • This quiz has been taken 107 times
  • The average score is 7 of 20
Answer Stats
Hint Plant % Correct
Fleshy fruit that is stereotypically red Apple
92%
Commonly used to treat burns Aloe
75%
Soft, orange fruit with a large pit Apricot
60%
Used to make tequila Agave
57%
Hardwood for toolmaking and barbecues Ash
56%
Namesake of the daisy family Aster
46%
Often made into hay or feed Alfalfa
44%
Supposedly smells like cyanide Almond
44%
Eaten young before it becomes woody Asparagus
43%
Genus that includes onions and garlic Allium
42%
Used in salads Arugula
39%
Colonial tree used for paper making Aspen
34%
Edible plant with large, bulbous flower buds Artichoke
31%
Scientific name for a flowering plant Angiosperm
21%
Spice used for alternative medicine Anise
20%
Tree used for furniture and smoking food Alder
17%
Not to be confused with the stinging animal Anemone
15%
Made up the majority of the Aztec's diets Amaranth
7%
Renound for its beauty but also highly toxic Azalea
2%
Has a very long and slender flower Angel's Trumpet
1%
No matching quizzes found
Score Distribution
Percent of People with Each Score
Percentile by Number Answered
Your Score History
You have not taken this quiz